El Antoniano : (Record no. 21904)

000 -CABECERA
fixed length control field 02244nam a22003977a 4500
003 - IDENTIFICADOR DEL NÚMERO DE CONTROL
control field AR-CdUCM
008 - DATOS DE LONGITUD FIJA--INFORMACIÓN GENERAL
fixed length control field 190425b ||||| |||| 00| 0 spa d
040 ## - FUENTE DE LA CATALOGACIÓN
Agencia/entidad que catalogó originalmente la obra MUNICIPALIDAD PROVINCIAL DEL CUSCO
Entidad que transcribió la catalogación BIBLIOTECA MUNICIPAL DEL CUSCO
082 ## - NÚMERO DE LA CLASIFICACIÓN DECIMAL DEWEY
No. de Clasificación Rev.Anto/N°103/1999
110 ## - ENTRADA PRINCIPAL--NOMBRE DE ENTIDAD CORPORATIVA
Nombre de la institución, jurisdicción como entrada principal Universidad Nacional de San Antonio Abad del Cusco
9 (RLIN) 15942
245 ## - MENCIÓN DE TÍTULO
Título El Antoniano :
Resto del título Publicación científico cultural de la Universidad Nacional de San Antonio Abad del Cusco /
Mención de responsabilidad Hugo Bonet Rodríguez, director
260 ## - PUBLICACIÓN, DISTRIBUCIÓN, ETC.
Lugar de publicación, distribución, etc. Cusco :
Nombre de la editorial, distribuidor, etc. UNSAAC,
-- Siglo XXI,
Fecha de publicación, distribución, etc. 1999.
300 ## - DESCRIPCIÓN FÍSICA
Nº de Páginas Extensión 36 páginas. :
Otros detalles físicos ilustraciones ;
Dimensiones 43 cm.
440 ## - MENCIÓN DE SERIE/PUNTO DE ACCESO ADICIONAL--TÍTULO
Título El Antononiano.
Número de la parte/sección de una obra Año 9, N°103, enero 1999.
9 (RLIN) 46817
505 ## - NOTA DE CONTENIDO CON FORMATO
Nota de contenido formateada Contenido: ¿Se globalizara la cultura? -- Hacia el tercer milenio. -- No todo lo que brilla es oro. -- La culpa la tiene el pobre. -- Joseph Wresinski extrema pobreza y derechos humanos. -- Kamachi. -- Mitos andinos en el contexto de nuevos movimientos religiosos autóctonos. -- Agonía de la arquitectura cusqueña. -- Las desencantadas. -- El estilo y el interprete en la música. -- Inicio del folklore científico en el Perú. -- Entre la tradición y la modernidad el Corpus Christi del Cusco. -- Oralidad y escritura en el pensamiento andino. -- Desarrollo de que o de quien. -- Un reto que vencer. -- Alfalfa deshidratada, una alternativa en la alimentación de camélidos.
650 ## - PUNTO DE ACCESO ADICIONAL DE MATERIA--TÉRMINO DE MATERIA
Descriptor Folklore cusqueño
9 (RLIN) 8693
650 ## - PUNTO DE ACCESO ADICIONAL DE MATERIA--TÉRMINO DE MATERIA
Descriptor Antología cusqueña
9 (RLIN) 46818
650 ## - PUNTO DE ACCESO ADICIONAL DE MATERIA--TÉRMINO DE MATERIA
Descriptor Música andina
9 (RLIN) 22217
650 ## - PUNTO DE ACCESO ADICIONAL DE MATERIA--TÉRMINO DE MATERIA
Descriptor Arquitectura cusqueña
9 (RLIN) 30237
700 ## - PUNTO DE ACCESO ADICIONAL--NOMBRE DE PERSONA
Nombre Personal Flores Ochoa, Jorge
9 (RLIN) 2915
700 ## - PUNTO DE ACCESO ADICIONAL--NOMBRE DE PERSONA
Nombre Personal Ugarte Vega Centeno, David
9 (RLIN) 9129
700 ## - PUNTO DE ACCESO ADICIONAL--NOMBRE DE PERSONA
Nombre Personal Morveli Salas, Mario
9 (RLIN) 7203
700 ## - PUNTO DE ACCESO ADICIONAL--NOMBRE DE PERSONA
Nombre Personal Gibaja, Manuel
9 (RLIN) 46819
700 ## - PUNTO DE ACCESO ADICIONAL--NOMBRE DE PERSONA
Nombre Personal Velazco Aragón, Luis
9 (RLIN) 30611
700 ## - PUNTO DE ACCESO ADICIONAL--NOMBRE DE PERSONA
Nombre Personal Rozas Aragón, Abel
9 (RLIN) 42152
700 ## - PUNTO DE ACCESO ADICIONAL--NOMBRE DE PERSONA
Nombre Personal Pilares Villa, Rubén
9 (RLIN) 46820
700 ## - PUNTO DE ACCESO ADICIONAL--NOMBRE DE PERSONA
Nombre Personal Pallardel Muñiz, Luis
9 (RLIN) 46821
700 ## - PUNTO DE ACCESO ADICIONAL--NOMBRE DE PERSONA
Nombre Personal Pallardel Moscoso, Danilo
9 (RLIN) 7067
700 ## - PUNTO DE ACCESO ADICIONAL--NOMBRE DE PERSONA
Nombre Personal Holgado Vidal, Diomedes
9 (RLIN) 46822
700 ## - PUNTO DE ACCESO ADICIONAL--NOMBRE DE PERSONA
Nombre Personal Valderrama Escalante, Gonzalo
9 (RLIN) 1301
700 ## - PUNTO DE ACCESO ADICIONAL--NOMBRE DE PERSONA
Nombre Personal Brozovich Mendoza, Raúl
9 (RLIN) 2189
710 ## - PUNTO DE ACCESO ADICIONAL--NOMBRE DE ENTIDAD CORPORATIVA
Nombre corporativo (En letras Mayúsculas) Universidad Nacional de San Antonio Abad del Cusco
9 (RLIN) 15942
942 ## - ELEMENTOS DE PUNTO DE ACCESO ADICIONAL (KOHA)
Fuente de clasificación
Tipo de item Revistas cusqueñas
945 ## - PROCESAMIENTO DE INFORMACIÓN LOCAL (OCLC)
Catalogador rac
Holdings
Estado de retiro (separado) Fuente de clasificación o esquema de estanterías Estado dañado Ubicación Sala donde se ubica Nombre de la colección Fecha de adquisición o compra Costo, precio normal en soles Signatura topográfica Código de Barras Última vez visto (Koha) Tipo de ítem (Koha)
No     Sala Hemeroteca Sala Hemeroteca Book Cart 2021-10-21 10.00 Rev.Anto/N°103/1999 REVC000445 2021-10-21 Revistas cusqueñas
No     Sala Hemeroteca Sala Hemeroteca Book Cart 2021-10-21 10.00 Rev.Anto/N°103/1999/e.2 REVC000446 2021-10-21 Revistas cusqueñas
No     Sala Hemeroteca Sala Hemeroteca Book Cart 2021-10-21 10.00 Rev.Anto/N°103/1999/e.3 REVC000447 2021-10-21 Revistas cusqueñas

Powered by Koha